Modelovanie a programovanie manipulačnej techniky v prostredí RoboLab = Modeling and programming material handling in Robolab environment : Bakalárska práca

Salvato in:
Dettagli Bibliografici
Autore principale: Hanzlíček, Michal, 1986- (Autore)
Altri autori: Javorová, Angela, 1973- (xxx)
Natura: Manoscritto Libro
Lingua:slovacco
Pubblicazione: Trnava : STU v Bratislave MTF UVSM KTZS, 2009
Soggetti:
Tags: Aggiungi Tag
Nessun Tag, puoi essere il primo ad aggiungerne!!

MARC

LEADER 00000ntm a22000003a 4500
001 stu195310
005 20160719155927.3
008 091102s2009----xo------------------slo-d
040 |a STU  |b slo 
041 0 |a slo 
044 |a xo 
100 1 |a Hanzlíček, Michal,  |d 1986-  |4 aut  |X 29655  |7 A000029655 
245 1 |a Modelovanie a programovanie manipulačnej techniky v prostredí RoboLab = Modeling and programming material handling in Robolab environment :  |b Bakalárska práca 
260 |a Trnava :  |b STU v Bratislave MTF UVSM KTZS,  |c 2009 
300 |a 46 s  |c 1 CD-ROM 
500 |a Študijný program: výrobné zariadenia a systémy 
500 |a Študijný odbor: 5.2.50 výrobná technika 
650 7 |a manipulačná technika  |2 stusub 
700 1 |a Javorová, Angela,  |d 1973-  |4 xxx  |u M2000  |U MTF Materiálovotechnologická fakulta  |T MTF Ústav výrobných systémov a aplikovanej mechaniky  |X 4676  |U M2000  |Y 82  |7 A000004676 
996 |b 284M071422  |c M*BP-3797  |l MMSKP  |s P  |a 0  |w stu195310_0001